00643cam a22002171 450000100060000000300080000600500170001400800410003103500190007203500180009104000470010904100130015608200210016910000220019024500750021226000380028730000210032550000190034650000380036560000220040323715BD-RjUL20211209000949.0140311s1950 enk 000 0aeng d a(BD-RjUL)23780 a(OCoLC)545985 aDLCcOAUdOCoLCdICarbSdDLCdBD-RjULbeng1 aenghfre00a849.91bEMU 19501 aEmmanuel, Pierre.14aThe universal singular /ctranslated from the French by Erik de Mauny. aLondon :bGrey Walls Press,c1950 a256 p. ;c22 cm. aAutobiography. aTranslation of Qui est cet homme.10aEmmanuel, Pierre.